000 00330nam a22001457a 4500
008 231004b ||||| |||| 00| 0 eng d
020 _a0471817511
041 _aeng
080 _a53
082 _a53JOR
100 _a23
101 _aMATE
245 _aQUANTUM MECHANICS IN SIMPLE MATRIX FROM
_cJORDAN .E.TH
942 _2udc
_cBK
999 _c60418
_d60418